000
00302nam a22001337a 4500
008
181102b xxu||||| |||| 00| 0 eng d
020
_a
0879832290
041
_a
eng
080
_a
612.39
100
_a
10
101
_a
NUT
245
_a
Selenium As Food & Medicine
_c
Paswater's,R.A
942
_2
udc
_c
BK
999
_c
51697
_d
51697